00483nam a22001457a 450000500170000000800410001702000150005804100130007308200150008610000370010124500860013826000600022430000280028465000250031220231127072548.0231127b |||||||| |||| 00| 0 eng d a9991673652 aEnglish  a340.5 BRU  aBruhns, P and Hinz MO lEnglish  aThe Role of Traditional Authority in a Changing Namibia / cP Bruhns and MO Hinz  aWindhoek : bCentre for Applied Social Sciences, c1996 b129 pages ; c30,3 cm.  aLegal practice bLaw